000
00305cam a2200121ua 4500
082
_a
660.62
_b
CAS/IN
100
_a
Casida, L E .
245
_a
Industrial microbiology
250
_a
1 /
260
_a
New Delhi :
_b
New age international (p) Limited Publishers ,
_c
1997.
300
_a
460 ; .
942
_c
BK
999
_c
1352
_d
1352